000 00584nam a22002297a 4500
003 UA-OsUOA
001 28108
007 ta
008 20040927b un ||||| |||| 00| 0 ukr d
090 _a811.112.2
_bТ48
942 _cBK
040 _aUA-OsUOA
_bger
_cUA-OsUOA
_dUA-OsUOA
245 _aТексты для чтения на немецком языке
_cСост. Е. М.Постникова
300 _a207 с.
955 _a0
041 _ager
080 _a811.112.2
020 _a966-539-299-9
260 _aКиев
_bА. С. К.
_c2001
044 _aUA
650 7 _2UDC
999 _c314466
_d314466